000 00720nam a2200253Ia 4500
003 OSt
005 20221005033316.0
006 a|||||r|||| 00| 0
007 ta
008 221004b |||||||| |||| 00| 0 eng d
020 _a81 7646 260 8
024 _a72509
037 _cTextual
040 _aCRL
_cCRL
_beng
041 _2eng
_aeng
082 _aV27185:71(NT), P2
100 _aShukla H. L
245 0 _aArchaeology of the Indian cave Theatre
_b A Study of Ramgarh Hill of Chhattisgarh
260 _aDelhi
_bB.R. Publishing Corporation India
_c2002
300 _a184p
_ccm.
650 _aHISTORY
942 _hV27185:71(NT), P2
_cTEXL
_2cc
999 _c941328
_d941328